Podnikateľské prostredie v názoroch a číslach. 1

Prvá etapa výskumu podnikateľského prostredia v SR, ktorý realizovala Národná agentúra pre rozvoj malého a stredného podnikania. Názory obyvateľov na podnikanie, podnikateľov a na rozvoj súkromného sektora.

Salvato in:
Dettagli Bibliografici
Natura: Capitolo di libro
Lingua:slovacco
Soggetti:
Tags: Aggiungi Tag
Nessun Tag, puoi essere il primo ad aggiungerne!!

MARC

LEADER 00000naa a2200000 4500
001 r018774
005 20221205101953.5
041 0 |a slo 
044 |a SK 
245 1 0 |a Podnikateľské prostredie v názoroch a číslach. 1 
520 |a Prvá etapa výskumu podnikateľského prostredia v SR, ktorý realizovala Národná agentúra pre rozvoj malého a stredného podnikania. Názory obyvateľov na podnikanie, podnikateľov a na rozvoj súkromného sektora. 
610 2 0 |a Slovensko 
610 2 0 |a apríl-máj 
610 2 0 |a 1995 
610 2 0 |a podnikanie súkromné 
610 2 0 |a podnikatelia 
610 2 0 |a prostredie podnikateľské 
610 2 0 |a NARMSP Bratislava 
610 2 0 |a výskum štatistický 
610 2 0 |a živnosti 
610 2 0 |a zdroje informácií